| 000 | 00551nam a22001937a 4500 | ||
|---|---|---|---|
| 003 | OSt | ||
| 005 | 20140310182255.0 | ||
| 008 | 121115t xxu||||| |||| 00| 0 eng d | ||
| 020 | _a0747238367 | ||
| 050 |
_aPR 6053 _b.C934 1992 |
||
| 082 |
_aFIC _bC86h 1991 |
||
| 100 |
_aCritchley, Julian _920294 |
||
| 245 |
_aHung parliament : _cJulian Critchley. _ban entertainment / |
||
| 260 |
_aGreat Britain : _bHeadline Book Publishing Inc., _cc1992. |
||
| 300 |
_a109 p. : _c18 cm. |
||
| 650 | _aScience fiction. | ||
| 942 |
_2lcc _cBK-FIC |
||
| 999 |
_c11459 _d11459 |
||